[Event "8th HDBank Cup 2018"]
[Site "Hanoi"]
[Date "2018.03.10"]
[Round "2"]
[White "Zou, Chen"]
[Black "Dao, Thien Hai"]
[Result "1/2-1/2"]
[WhiteElo "2291"]
[BlackElo "2474"]
[Annotator "TA"]
[PlyCount "44"]
[EventDate "2018.??.??"]
[EventCountry "VIE"]
[SourceTitle "playchess.com"]
[Source "ChessBase"]
[SourceQuality "1"]

{[%evp 33,44,26,30,34,35,23,20,23,16,22,16,10,52]} 1. e4 c5 2. Nf3 d6 3. d4 cxd4 4. Nxd4 Nf6 5. Nc3 a6 6. Be3 e5 7. Nb3 Be6 8. f3 Be7 9. Qd2 O-O 10. O-O-O Nbd7 11. g4 {[%cal Bg2g4,Bg4g5][%mdl 32]} b5 12. g5 Nh5 13. Nd5 Bxd5 {B90: Sicilian Najdorf: Unusual White 6th moves, 6 Be3 Ng4 and 6 Be3 e5} 14. exd5 f5 15. gxf6 Rxf6 (15... Bxf6 16. Na5 Qc7 17. Nc6 Nf4 18. c4 bxc4 19. Bxc4 a5 20. a3 Nb6 21. Bb3 {½-½ (31) Hracek,Z (2613)-Dziuba,M (2584) Czech Republic 2017}) 16. Na5 Qe8 17. Nc6 Nf4 {LiveBook: 3 Games} 18. Re1 Bf8 19. Bxf4 Rxf4 {[#]} 20. Qxf4 $1 {[%mdl 512]} exf4 {[%cal Re8e1]} 21. Rxe8 Rxe8 22. Bh3 $146 Nb6 1/2-1/2

[Event "8th HDBank Cup 2018"]
[Site "Hanoi"]
[Date "2018.03.10"]
[Round "2"]
[White "Abelgas, Roel"]
[Black "Karthikeyan, P.."]
[Result "0-1"]
[WhiteElo "2273"]
[BlackElo "2473"]
[Annotator "TA"]
[PlyCount "98"]
[EventDate "2018.??.??"]
[EventCountry "VIE"]
[SourceTitle "playchess.com"]
[Source "ChessBase"]
[SourceQuality "1"]

{[%evp 30,98,-9,-30,-15,-28,-17,-20,0,-30,-35,-25,-26,-78,-71,-101,-97,-117,-79,-77,-76,-134,-128,-301,-309,-270,-308,-288,-313,-315,-314,-278,-300,-286,-275,-262,-250,-276,-257,-258,-139,-139,-134,-141,-133,-384,-432,-402,-430,-379,-427,-392,-424,-415,-418,-420,-419,-419,-413,-401,-378,-441,-441,-544,-545,-782,-760,-816,-809,-852,-835]} 1. d4 Nf6 2. c4 e6 3. Nf3 c5 4. d5 exd5 5. cxd5 d6 6. Nc3 g6 7. g3 Bg7 8. Bg2 O-O 9. O-O a6 10. a4 Re8 11. Nd2 Nbd7 12. Nc4 Ne5 13. Nxe5 Rxe5 14. e4 Re8 {A64: Modern Benoni: Fianchetto Variation: 9...Nbd7 10 Nd2 a6 11 a4 Re8} 15. h3 (15. Qc2 Rb8 16. Rb1 Qc7 17. b3 b5 18. axb5 axb5 19. Bb2 b4 20. Na4 Nd7 21. Bxg7 Kxg7 22. Nb2 {½-½ (42) Javakhishvili,L (2486)-Matlakov,M (2695) Caleta 2015}) 15... Rb8 16. a5 {LiveBook: 3 Games} b5 {White must now prevent ...b4.Black has an edge.} 17. axb6 $1 Qxb6 18. Qa4 $146 ({Predecessor:} 18. Ra2 Qb3 {½-½ (18) Johansson,P (1935)-Niebuhr,G (1931) Radebeul 2016}) 18... Nd7 {[%cal Bf6d7,Bd7e5,Be5c4,Bc4b2][%mdl 32]} 19. Bf4 Re7 20. Rfd1 Ne5 21. Bg5 (21. Ra2 $11) 21... Ra7 22. Be3 Bd7 23. Qc2 {With the idea b4!} Nc4 (23... Qxb2 $6 24. Rab1 $11) 24. Bf4 Qb3 $36 {[%mdl 2048] Black is on the roll.} ({Not} 24... Qxb2 $2 25. Rab1 $18) 25. Qxb3 (25. Rdc1 $142) 25... Rxb3 $17 26. Na4 $2 (26. e5 $17) 26... Rb4 $19 ({Inferior is} 26... Nxb2 27. Nxb2 Bxb2 28. Ra2 $15) 27. Nc3 Nxb2 ({Don't take} 27... Rxb2 28. Bf1 $17) 28. Rdc1 Nd3 29. Bxd6 {If only White now had time for Rc2....} Nxc1 30. Rxc1 Bf8 31. Bf4 a5 $1 {[%cal Ba6a5,Ba5a4,Ba4a3,Ba3a2][%mdl 32]} 32. d6 Be6 33. e5 a4 34. Be3 Rc4 ({Better is} 34... Ra5 $19 35. Rd1 Rb8) 35. Bf1 $17 {[#]} Rxc3 $1 {[%mdl 512]} 36. Rxc3 a3 37. Rc1 $2 {[%mdl 8192]} (37. Rxc5 $17 a2 38. Bd4) 37... a2 $19 38. Ra1 Rb7 39. Bd3 Bg7 40. f4 {[#]} f6 $1 {[%cal Bf7f6,Bf6e5][%mdl 32]} 41. Be4 Rb8 42. g4 {f5 is the strong threat.} fxe5 43. f5 gxf5 44. gxf5 Bb3 45. Bxc5 Bf8 {Black is clearly winning.} 46. Kh1 Rd8 47. Rg1+ Kf7 48. Bf3 Bxd6 49. Be3 Rg8 {Precision: White = 33%, Black = 82%.} 0-1

[Event "8th HDBank Cup 2018"]
[Site "Hanoi"]
[Date "2018.03.10"]
[Round "2"]
[White "Le, Huu Thai"]
[Black "Nguyen, Duc Hoa"]
[Result "1/2-1/2"]
[WhiteElo "2223"]
[BlackElo "2463"]
[Annotator "TA"]
[PlyCount "104"]
[EventDate "2018.??.??"]
[EventCountry "VIE"]
[SourceTitle "playchess.com"]
[Source "ChessBase"]
[SourceQuality "1"]

{[%evp 22,104,0,0,0,0,27,-22,-31,-13,-17,-29,-14,-18,-9,-13,0,-33,-6,-6,0,0,8,0,1,4,14,12,12,13,12,13,18,0,0,0,0,0,0,-2,0,0,0,0,-7,0,0,-12,-33,-33,-21,-32,0,0,0,0,0,0,0,0,0,0,4,0,0,0,0,0,0,0,0,0,0,0,0,0,0,0,0,0,0,0,0,0,0]} 1. d4 e6 2. Nf3 c5 3. e4 cxd4 4. Nxd4 Nc6 5. Be3 Nf6 6. Nc3 Bb4 7. Bd3 d5 8. exd5 Nxd5 9. Nxc6 {B45: Sicilian Four Knights} Nxe3 10. Nxd8 Nxd1 11. Rxd1 Kxd8 12. Bxh7+ {LiveBook: 3 Games} Ke7 13. Be4 Rh4 14. Bf3 $146 (14. Rd4 {seems wilder.} Ba5 15. Ra4 Bxc3+ 16. bxc3 e5 17. f3) ({Predecessor:} 14. Rd4 Bxc3+ 15. bxc3 e5 16. Ra4 b5 {1-0 (53) Sequera Paolini,J (2427)-Trujillo Villega,P (2223) San Felipe 2008}) 14... Bxc3+ 15. bxc3 Ra4 16. Ra1 e5 17. Bd5 Be6 18. Bxb7 Rd8 19. O-O Rd2 {[%mdl 1024] Black has compensation.} 20. Rfc1 Kd6 21. a3 Kc5 22. f3 f6 {[%cal Bf7f6,Bf6f5,Bf5e4,Be4e3][%mdl 32]} 23. Be4 {Threatening Rcb1.} f5 24. Bd3 e4 25. fxe4 fxe4 26. Bf1 Bd5 27. h4 e3 28. Re1 Re4 {[#] aiming for ...e2.} 29. Be2 Rf4 {Strongly threatening ...Rf2.} 30. Rad1 Rxc2 31. Rd3 Rf2 32. Rxe3 Rxg2+ 33. Kf1 {[#] Threatens to win with Re5.} Rh2 34. Kg1 Rh1+ ({Resist} 34... Rxh4 35. Rg3 $17) 35. Kf2 {White wants to play Rxh1.} Rxh4 36. Kg3 Ra4 37. Rd1 {The position is equal.} Bc6 38. c4 Ra2 39. Rdd3 Rb2 40. Re5+ Kb6 41. Rc3 Rd2 42. Bg4 Rd4 43. Be2 Re4 44. Rb3+ Kc7 45. Rxe4 Bxe4 $11 {[%mdl 4096] Endgame KRB-KRB} 46. Kf4 Bc2 47. Rc3 Bb1 48. Rb3 Ba2 49. Rg3 Kb6 50. Rxg7 Rxa3 51. Ke4 Rh3 52. c5+ Kxc5 {Precision: White = 77%, Black = 55%.} 1/2-1/2

[Event "8th HDBank Cup 2018"]
[Site "Hanoi"]
[Date "2018.03.11"]
[Round "3"]
[White "Le, Quang Liem"]
[Black "Llaneza Vega Marcos"]
[Result "1-0"]
[WhiteElo "2736"]
[BlackElo "2430"]
[Annotator "TA"]
[PlyCount "129"]
[EventDate "2018.??.??"]
[EventCountry "VIE"]
[SourceTitle "playchess.com"]
[Source "ChessBase"]
[SourceQuality "1"]

{[%evp 31,129,30,36,57,54,41,50,57,86,84,68,78,89,80,98,103,86,101,83,39,98,65,96,85,84,87,87,80,83,78,91,91,94,89,79,79,111,112,230,139,139,131,131,131,139,131,139,139,138,131,123,87,112,91,126,122,122,121,114,112,114,119,114,114,114,113,108,73,113,110,115,115,160,160,184,167,268,272,359,352,358,347,331,279,330,278,275,274,248,229,239,235,342,328,1187,910,1135,1132,29951,1028]} 1. e4 c5 2. Nf3 Nc6 3. d4 cxd4 4. Nxd4 Nf6 5. Nc3 e5 6. Ndb5 d6 7. Bg5 a6 8. Na3 b5 9. Nd5 Be7 10. Bxf6 Bxf6 11. c4 b4 12. Nc2 Rb8 13. b3 a5 14. g3 {[%cal Bg2g3,Bg3f4][%mdl 32]} O-O 15. Bg2 Bg5 16. O-O Be6 {LiveBook: 14 Games. B33: Sicilian: Pelikan and Sveshnikov Variations} 17. f4 (17. h4 Bh6 18. Kh2 Ne7 19. Nxe7+ Qxe7 20. Bh3 Qc7 21. Qe2 Qc5 22. Rad1 a4 23. Kg2 Ra8 24. Rd3 axb3 25. axb3 {½-½ (145) Alekseenko,K (2563)-Dubov,D (2666) Sochi 2017}) 17... exf4 18. gxf4 Bh4 {White is slightly better.} 19. Kh1 Rc8 $146 ({Find the theoretical novelty and annotate with similar games:} 19... Ne7 20. Nxe7+ Qxe7 21. Nd4 {½-½ (30) De Groote,E (2191)-Kuipers,S (2343) Venlo 2009}) 20. Qd3 Bxd5 21. Qxd5 Qb6 22. Rad1 (22. Qxd6 $2 Rfd8 $19) 22... Rcd8 23. Qb5 Qc7 24. Ne3 Ne7 25. Rd3 {[#] And now Qh5 would win.} f5 (25... g6 $14) 26. exf5 Rb8 27. Nd5 Qa7 28. Nxe7+ Bxe7 29. Qd5+ Kh8 30. Re1 Bh4 31. Re2 a4 32. Bf3 {[%cal Bg2f3,Bf3h5,Bh5g6][%mdl 32]} ({Stronger than} 32. Qxd6 axb3 33. Qd7 Qxd7 $17) 32... Rbd8 33. Kg2 h6 34. Bh5 Qc5 (34... Bf6 $16 35. Rd1 Bh4) 35. Bg6 ({Resist} 35. bxa4 $6 Rxf5 36. Qxc5 Rxc5 $16) 35... Qa7 36. Qe4 axb3 37. axb3 ({Don't play} 37. Rxb3 Qc5 $14) 37... Qa1 38. Qb7 Qc1 39. Qf3 Bf6 40. Ra2 {[%cal Be2a2,Ba2a7,Ba7e7][%mdl 32]} Qb1 41. Ra7 Qb2+ 42. Kh3 Bd4 43. Re7 Bc5 44. Qg2 Qa1 45. Qe2 Ra8 46. Qe1 Qb2 47. Re2 Qf6 48. Re6 Qb2 49. Qd2 Qa1 50. Re1 Qf6 51. Kg4 Ra1 52. Re6 Rg1+ 53. Rg3 Rxg3+ (53... Qa1 $142 54. f6 gxf6) 54. hxg3 $18 Qc3 55. Qd1 Bf2 56. Qf3 Bc5 57. Re7 Bd4 58. Rd7 Bc5 59. Qe2 Qa1 60. Re7 $40 {[%mdl 128] White goes for the king.} Qd4 61. Re4 Qf6 (61... Qg1 $142 62. Re8 d5 63. cxd5 Qb1 64. Rxf8+ Bxf8) 62. Re8 Kg8 $2 {[#]} (62... d5 63. Re5 Ra8 64. Rxd5 Qf8) 63. Qe4 Kh8 64. Qc6 Kg8 65. Qc8 {Precision: White = 81%, Black = 31%.} (65. Qa8 $142 d5 66. Qxd5+ Kh8 67. Qxc5 Rxe8 68. Bxe8 g6 69. Bxg6 Kg8 70. Qxb4 h5+ 71. Kxh5) 1-0

[Event "8th HDBank Cup 2018"]
[Site "Hanoi"]
[Date "2018.03.11"]
[Round "3"]
[White "Gordievsky, Dmitry"]
[Black "Santiago, Yago De Moura"]
[Result "1-0"]
[WhiteElo "2630"]
[BlackElo "2473"]
[Annotator "TA"]
[PlyCount "151"]
[EventDate "2018.??.??"]
[EventCountry "VIE"]
[SourceTitle "playchess.com"]
[Source "ChessBase"]
[SourceQuality "1"]

{[%evp 18,151,23,28,20,35,39,33,109,55,58,54,68,68,61,61,62,60,92,83,77,74,75,57,92,95,99,88,147,77,72,72,69,36,46,0,110,102,95,119,97,110,108,96,75,0,0,0,0,0,0,-270,-318,-285,118,102,99,106,180,189,186,171,214,196,317,191,189,197,282,271,293,292,285,262,311,308,349,323,355,280,374,327,370,374,355,366,337,266,265,256,247,210,210,179,187,210,203,195,437,619,593,600,1198,974,1258,1114,1414,1081,1366,1356,3190,2534,1558,1408,5097,5320,2314,1681,6191,6175,1559,1374,1373,1352,1289,1192,1145,1001,29976,29977,29976,29976,29978,29979,29975,29978]} 1. Nf3 e6 2. g3 f5 3. Bg2 Nf6 4. O-O d5 5. c4 Bd6 6. d3 O-O 7. Nc3 dxc4 {A10: English Opening: Unusual Replies for Black} 8. dxc4 Nc6 9. Nb5 (9. e4 e5 10. Bg5 fxe4 11. Nd2 Be7 12. Ndxe4 Nxe4 13. Qxd8 Bxd8 14. Nxe4 Nd4 15. Bxd8 Rxd8 {½-½ (60) Inarkiev,E (2707)-Grischuk,A (2761) Geneva 2017}) 9... e5 10. Nxd6 {LiveBook: 4 Games} cxd6 11. b3 Qe7 12. Ba3 Ne4 $146 (12... Rd8 $1 $14) ({Predecessor:} 12... Rd8 13. Qd2 Ne4 14. Qb2 a5 15. Nd2 {1-0 (33) Shengelia,D (2587)-Steadman,M (2309) Khanty-Mansiysk 2010}) 13. e3 (13. Nh4 $16) 13... a5 $14 14. Nd2 {[%cal Bf3d2,Bd2b1,Bb1c3][%mdl 32]} Nc5 15. Nb1 Be6 16. Nc3 Rad8 17. Qe2 e4 18. f3 exf3 19. Bxf3 Ne5 20. Bg2 Qg5 21. Rad1 Ne4 22. Bb2 Nc5 (22... h6 $142) 23. Rf4 (23. Nb5 $142 $1) 23... Bf7 $16 24. Qf1 Bh5 25. Rd2 Ng6 26. Rfd4 Ne4 (26... Qxe3+ $11 27. Qf2 Qe7) 27. Nxe4 fxe4 28. Qe1 Bf3 29. Rd5 Qg4 30. h3 Qe6 31. Rxa5 (31. Bf1 $16) 31... Bxg2 $11 32. Kxg2 Rf3 33. Kh2 Rdf8 {And now ...Rf1 would win.} 34. Rad5 $2 {[%mdl 8192]} (34. Rg2 $1 $11 {and White is okay.}) 34... Rf1 $19 35. Qe2 Ne5 $2 (35... R8f3 $19 36. Qg2 Qf7 37. Rxd6 R3f2 38. Rd8+ Nf8 39. Rxf2 Rxf2) 36. Bxe5 $1 $16 dxe5 37. Rd8 $36 {[%mdl 2048] Qxf1 is the strong threat. White is in control.} R1f3 {[#]} (37... Qf6 $16) 38. Rxf8+ $1 $18 Kxf8 {[%mdl 4096] Endgame [#] KQR-KQR} 39. Rd8+ $1 Ke7 40. Qd2 Rxe3 (40... b6 $142 41. Rd5 Rf1) 41. Qxe3 Kxd8 42. Qxe4 {KQ-KQ} Kc7 (42... Qd6 {was called for.} 43. Qxb7 Qd2+ 44. Qg2 Qd3 45. Qd5+ Qxd5 46. cxd5 Kd7) 43. Qxh7 Qf6 44. Kg2 Qc6+ 45. Kf2 Qf6+ 46. Ke2 Kb8 47. Qe4 Ka8 48. a4 {[%cal Ba2a4,Ba4a5][%mdl 32]} Qd6 49. Qd5 Qf6 50. a5 e4 51. Qxe4 Qb2+ 52. Kf3 Qxb3+ 53. Kf4 {aiming for a6.} Qa2 54. Qe8+ Ka7 55. Qe3+ Ka8 56. Qc3 Qf2+ 57. Kg5 Qf7 $2 (57... Qc5+ 58. Kg6 Qd6+ 59. Kxg7 Qd7+ 60. Kg6 Qxh3) 58. h4 (58. g4 $142) 58... Qf8 59. Kg6 Qe7 60. Qxg7 Qe4+ 61. Kh6 Qxc4 62. Qe5 Qc1+ 63. Kh5 Qd1+ 64. g4 Qf3 65. Qf5 Qd1 66. Kg6 Qd6+ 67. Qf6 Qd3+ 68. Kh6 Qc4 69. Kh5 Qe2 70. Qh8+ Ka7 71. Qd4+ Ka8 72. Qf6 Qd1 73. a6 {White mates.} bxa6 74. Qxa6+ Kb8 75. Qf6 Ka8 76. Kh6 {Precision: White = 77%, Black = 36%.} 1-0

[Event "8th HDBank Cup 2018"]
[Site "Hanoi"]
[Date "2018.03.11"]
[Round "3"]
[White "Aravindh, Chithambaram VR."]
[Black "Karthikeyan, P.."]
[Result "1/2-1/2"]
[WhiteElo "2617"]
[BlackElo "2473"]
[Annotator "TA"]
[PlyCount "147"]
[EventDate "2018.??.??"]
[EventCountry "VIE"]
[SourceTitle "playchess.com"]
[Source "ChessBase"]
[SourceQuality "1"]

{[%evp 10,147,1,5,11,2,13,7,-2,-13,-7,-18,-22,-52,0,-8,10,6,5,0,10,0,0,0,4,-31,-33,-41,-40,-35,-44,-25,-18,-18,-18,-48,-31,-35,-14,-74,-78,-59,-37,-43,-43,-134,-133,-120,36,39,46,50,47,43,41,37,37,36,42,39,43,27,44,48,73,0,45,23,25,18,20,20,20,20,20,20,20,20,20,20,20,20,29,10,25,12,32,12,37,37,38,41,41,41,41,41,41,41,41,41,54,14,24,27,28,28,32,32,36,36,38,36,36,37,97,97,201,67,67,67,67,67,67,67,67,67,67,67,84,84,84,67,67,67,67,67,67,67,67,-369]} 1. d4 Nf6 2. Bf4 d5 3. e3 c5 4. dxc5 (4. Nd2 Nc6 5. c3 Bf5 6. Ngf3 e6 7. Be2 Bd6 8. dxc5 Bxc5 9. Nd4 Bg6 10. Qa4 O-O 11. Nxc6 bxc6 12. Qxc6 Rc8 13. Qa4 Re8 14. O-O e5 {0-1 (57) Le,Q (2737)-Ding,L (2777) Riadh 2017}) 4... Qa5+ 5. c3 Qxc5 6. Nf3 {LiveBook: 4 Games. D00: 1 d4 d5: Unusual lines} g6 7. a4 $146 ({Predecessor:} 7. Be2 Bg7 8. O-O O-O 9. Nbd2 Nc6 10. Ne5 Qb6 11. Qc1 Bf5 12. Nxc6 bxc6 {½-½ (34) Bucher,M (2169)-Roschina,T (2300) Winterthur 2001}) 7... Bg7 8. b4 {The position is equal.} Qb6 $1 9. Bxb8 (9. a5 {with more complications.} Qd8 10. Bb5+ Bd7 11. Be2 O-O 12. O-O) 9... Rxb8 10. Bb5+ Kf8 11. O-O a6 12. Be2 $1 Bg4 13. Nbd2 e6 14. Rc1 Ke7 15. Qb3 Ne4 {[#] White must now prevent ...Nxd2.} 16. a5 Qc7 17. Nxe4 dxe4 18. Nd4 Bxe2 19. Nxe2 Rhd8 20. Nd4 Rbc8 21. Qb1 f5 $36 {[%mdl 2048] Black is pushing.} 22. Nb3 Qc4 23. Nc5 Rc7 24. Na4 (24. Rc2 $11) 24... Rd2 $17 25. Rcd1 Bxc3 26. Rc1 Qd3 27. Qxd3 (27. Nxc3 $15 Rxc3 28. Qa1) 27... Rxd3 28. Nc5 Rxc5 $2 ({Black should try} 28... Kd6 $17 29. Nxd3 exd3) 29. bxc5 {[%mdl 4096] Endgame KRR-KRB} Kd7 30. Rb1 Kc7 31. c6 $1 {[%cal Rc6b7]} bxc6 32. Rb6 $1 Bxa5 33. Rxa6 Bb6 34. Rb1 {[%mdl 1024] White has compensation.} Bc5 35. g3 e5 36. Rc1 Bb6 37. Rb1 Bc5 38. Ra5 Rc3 39. Rb2 f4 40. gxf4 exf4 41. exf4 e3 42. fxe3 $1 Bxe3+ 43. Kg2 Bxf4 44. Ra7+ Kd6 45. Rxh7 g5 46. Rf2 Rc4 47. Kf3 Rd4 48. Rh8 c5 49. Rd8+ Ke5 50. Re2+ Kf5 51. Rf8+ Kg6 52. Re6+ Kg7 53. Ra8 Kf7 54. Rc6 {[#] Threatens to win with h4.} Bd6 55. Rb6 Ke6 56. Rg8 Kf5 57. h3 Rd3+ 58. Ke2 Rd5 59. Rd8 Ke6 60. Rb3 c4 61. Re3+ Re5 (61... Kf5 $14) 62. Rg8 $16 {aiming for Rxg5.} c3 (62... Kf5 $16) 63. Rc8 (63. Rxe5+ $18 Bxe5 64. Rxg5) 63... Rxe3+ $1 $14 64. Kxe3 {KR-KB} Bf4+ $1 65. Ke4 Bd2 66. Rc6+ Kd7 67. Kd5 {And now Rc5 would win.} Ke7 68. Ke5 Bf4+ 69. Ke4 {Hoping for h4.} Bd2 70. Kd5 Kd7 {White is slightly better.} 71. Rc4 Ke7 72. Ke5 Bf4+ 73. Ke4 Bd2 74. Rxc3 $2 {[%mdl 40960] Precision: White = 58%, Black = 58%. . An unexpected result.} (74. Kd3 $14 {keeps the upper hand.}) 1/2-1/2

[Event "8th HDBank Cup 2018"]
[Site "Hanoi"]
[Date "2018.03.11"]
[Round "3"]
[White "Zhao, Jun"]
[Black "Harsha Bharathakoti"]
[Result "1-0"]
[WhiteElo "2599"]
[BlackElo "2443"]
[Annotator "TA"]
[PlyCount "139"]
[EventDate "2018.??.??"]
[EventCountry "VIE"]
[SourceTitle "playchess.com"]
[Source "ChessBase"]
[SourceQuality "1"]

{[%evp 26,139,20,18,16,0,8,0,12,0,3,3,0,0,0,0,0,0,8,-2,0,0,0,0,14,7,7,0,14,7,7,6,4,0,0,0,0,0,6,0,29,21,79,70,68,46,65,19,20,18,81,71,61,58,79,70,66,47,94,94,98,102,97,26,26,33,30,9,9,0,33,0,8,8,10,14,14,6,7,0,0,0,16,0,107,81,81,81,81,33,33,36,36,40,1839,1668,29961,29963,29954,29952,29952,8137,29963,29966,29965,29965,29966,29968,29970,29971,29971,29970,12831,9285,4680,4626]} 1. c4 e6 2. Nc3 d5 3. d4 Bb4 4. Nf3 Nf6 5. Bg5 h6 6. Bxf6 Qxf6 7. Qb3 c5 8. cxd5 exd5 9. a3 Bxc3+ 10. Qxc3 Nd7 11. g3 {D38: Queen's Gambit Declined: Ragozin Defence (4 Nf3 Bb4)} O-O 12. Bg2 b6 13. O-O Ba6 14. Rfe1 {LiveBook: 3 Games} Rac8 15. Rad1 Rfe8 16. e3 Bb7 {[#]} 17. a4 $146 ({Find the theoretical novelty and annotate with similar games:} 17. Rc1 c4 18. a4 a6 {½-½ (64) Van Wely,L (2674)-Hracek,Z (2591) Baku 2016}) 17... Qe7 18. Rc1 Nf6 19. Nd2 Ne4 20. Nxe4 dxe4 21. Bf1 Kh7 22. b3 Red8 23. dxc5 Rxc5 24. Qb4 Re5 25. Qxe7 Rxe7 26. Red1 Red7 27. Rxd7 Rxd7 $11 {[%mdl 4096] Endgame KRB-KRB} 28. Bb5 Re7 29. Rd1 Kg6 30. Kg2 Kf6 31. Bc4 Ke5 32. g4 Bc8 33. Kg3 Be6 (33... f5 $11) 34. Bxe6 $16 fxe6 {KR-KR} 35. h4 Rf7 36. Rd4 Rf3+ 37. Kg2 {[#] Rd7 is the strong threat.} Rf7 (37... Rf4 $11 {remains equal.}) 38. Rd8 Kf6 39. Kg3 Ke5 40. b4 Rc7 41. a5 bxa5 42. bxa5 a6 43. Ra8 Rc6 44. h5 (44. Kg2 $16) 44... Rd6 $1 $11 45. Ra7 Kf6 $1 46. Kf4 Rd2 $1 47. Kg3 ({But not} 47. Kxe4 $6 Rxf2 48. Rxa6 Ra2 $16) 47... Rd6 48. Kf4 Rd2 $1 49. Rxa6 Rxf2+ 50. Kxe4 Rg2 $1 51. Kf3 Ra2 52. Kf4 Rf2+ 53. Ke4 {Threatens to win with Kd4.} Rg2 $1 54. Kf3 (54. Kd4 $11) 54... Ra2 $16 55. Ra7 Ra4 56. a6 g6 57. hxg6 Kxg6 58. Ra8 {[#] aiming for a7.} Kf6 59. a7 {Strongly threatening Rf8+.} Kg7 $2 {[%mdl 8192]} (59... Ke5 $14) 60. e4 $18 e5 61. Ke3 Ra3+ 62. Kd2 Kh7 63. Kc2 (63. Kc1 $142 Ra2 64. Kb1 Ra6 65. Kc2 Kg7 66. Kb3 Rb6+ 67. Kc4 Ra6 68. Kd5) 63... Kg7 64. Kb2 Ra5 65. Kb3 Ra1 66. Kc4 Kh7 67. Kd5 Ra5+ 68. Ke6 Kg7 69. Kf5 Kh7 70. Kf6 {Precision: White = 52%, Black = 55%.} 1-0

[Event "8th HDBank Cup 2018"]
[Site "Hanoi"]
[Date "2018.03.11"]
[Round "3"]
[White "Rozum, Ivan"]
[Black "Shyaamnikhil P"]
[Result "1/2-1/2"]
[WhiteElo "2582"]
[BlackElo "2394"]
[Annotator "TA"]
[PlyCount "66"]
[EventDate "2018.??.??"]
[EventCountry "VIE"]
[SourceTitle "playchess.com"]
[Source "ChessBase"]
[SourceQuality "1"]

{[%evp 28,66,18,18,20,24,20,4,17,5,33,33,21,27,21,-16,-18,-18,-10,-19,-10,-12,0,-31,-31,-40,-39,-66,-66,-72,-79,-65,-47,-72,-57,-86,0,-72,0,-93,0]} 1. Nf3 g6 2. d4 Nf6 3. g3 Bg7 4. Bg2 d5 5. O-O O-O 6. c4 c6 7. b3 a5 8. Nc3 Ne4 9. Bb2 Bf5 10. e3 Nxc3 {D78: Fianchetto Grünfeld: 6 0-0 c6} 11. Bxc3 Be4 12. Qe2 e6 13. Rfd1 Nd7 14. Bf1 Bxf3 15. Qxf3 {[#] LiveBook: 3 Games} f5 $146 ({Predecessor:} 15... Nc5 16. Be1 Ne4 17. a4 f5 18. Qe2 {½-½ (38) Ganguly,S (2644)-Bu,X (2711) Liaocheng 2017}) 16. Qe2 Nf6 17. Rab1 Rf7 18. a3 Bf8 19. b4 axb4 20. axb4 g5 {[%cal Bg6g5,Bg5f4][%mdl 32]} 21. h3 Ne4 22. Be1 f4 23. exf4 gxf4 24. Bg2 Qf6 $36 {[%mdl 2048] [#] ...f3 is the strong threat. Black is pushing.} 25. Rb3 Nd6 26. cxd5 exd5 27. Rf3 Bh6 28. Bd2 Re8 29. Qf1 Re4 30. Rd3 Re6 31. Rf3 {With the idea Bxf4.} Re4 ({But not} 31... Qxd4 $6 32. Bxf4 Qc4 33. Bxd6 $11) 32. Rd3 Re6 33. Rf3 $1 {Threatening Bxf4.} Re4 {Precision: White = 53%, Black = 56%.} ({Of course not} 33... Qxd4 $6 34. Bxf4 Qc4 35. Bxd6 $11) (33... Qg7 $17 34. g4 Rf8) 1/2-1/2

[Event "8th HDBank Cup 2018"]
[Site "Hanoi"]
[Date "2018.03.11"]
[Round "3"]
[White "Pichot, Alan"]
[Black "Tran, Minh Thang"]
[Result "1-0"]
[WhiteElo "2558"]
[BlackElo "2366"]
[Annotator "TA"]
[PlyCount "71"]
[EventDate "2018.??.??"]
[EventCountry "VIE"]
[SourceTitle "playchess.com"]
[Source "ChessBase"]
[SourceQuality "1"]

{[%evp 14,71,33,23,67,59,56,58,62,66,115,111,118,89,120,111,115,114,104,85,91,89,120,133,147,162,156,153,150,152,205,200,229,226,213,191,198,181,229,226,235,219,322,248,369,390,854,826,942,960,1209,690,866,837,960,961,1536,1463,2193,2131]} 1. e4 c5 2. Nf3 e6 3. d4 cxd4 4. Nxd4 a6 5. c4 Nf6 6. Nc3 Bb4 7. Qd3 {B41: Sicilian: Kan Variation: 5 c4} Nc6 (7... O-O 8. Be2 d6 9. O-O Nbd7 10. Qc2 Bxc3 11. bxc3 Nc5 12. f3 Qc7 13. Be3 Bd7 14. Qd2 e5 {0-1 (45) Jakovenko,D (2710)-Andreikin,D (2708) Sochi 2017}) 8. Nxc6 {LiveBook: 42 Games} bxc6 9. a3 {White is slightly better.} Bxc3+ $146 ({Predecessor:} 9... Be7 10. e5 Ng4 11. Qg3 h5 12. h4 Bc5 13. Ne4 Bd4 14. Nd6+ Ke7 15. Nxf7 Bxf2+ 16. Qxf2 Nxf2 17. Nxd8 Nxh1 {0-1 (63) Lim,W (1768)-Strachan,G (1858) London 2015}) 10. Qxc3 d5 11. e5 d4 12. Qg3 Nd7 13. Qxg7 Qa5+ 14. b4 Qxe5+ 15. Qxe5 Nxe5 16. c5 Ng6 17. g3 $36 {[%mdl 2048] White is in control.} e5 {[#]} 18. Bg2 $1 {[%cal Rg2c6]} Kd7 19. O-O f5 20. Rd1 Kc7 {[#]} 21. f4 $1 {[%cal Rf4e5] And now fxe5 would win.} Be6 (21... e4 $16 {keeps fighting.}) 22. fxe5 $18 {Threatens to win with Bg5.} Rad8 23. Bg5 Rd7 24. Rd2 Re8 25. h4 Bc4 26. Re1 d3 27. Bf6 h5 (27... Nf8 {might work better.} 28. Rc1 Bb5) 28. Bh3 Rd5 (28... Be6 $142 29. Bf1 Bc4) 29. e6 f4 $2 (29... Ne7 30. Bg2 Ng8) 30. Re4 {White is clearly winning.} Bb5 31. gxf4 Ne7 32. Be5+ Kb7 33. f5 {[%cal Bf4f5,Bf5f6][%mdl 32]} Rg8+ 34. Kh2 Rf8 35. f6 Ng6 36. e7 {Precision: White = 86%, Black = 43%.} 1-0